Les 20 plus grandes villes du Cantal sur une carte - Statistiques

Statistiques générales
  • Ce quiz a été pris 75 fois
  • Le résultat moyen est 9 sur 20
Réponses sur la Carte
Les réponses sont colorées sur une échelle allant du rouge au vert en fonction du pourcentage des utilisateurs qui les ont devinées à leur premier essai. Vous pouvez retrouver ces pourcentages ci-dessous.
 
Statistiques - réponses
Commune Population % Correct
Aurillac 26 189
98%
Saint-Flour 6 390
95%
Mauriac 3 503
77%
Arpajon-sur-Cère 6 363
66%
Murat 1 770
66%
Ytrac 4 316
63%
Vic-sur-Cère 1 908
58%
Massiac 1 801
55%
Riom-ès-Montagnes 2 403
52%
Maurs 2 131
47%
Ydes 1 633
41%
Jussac 2 040
36%
Naucelles 2 164
34%
Saint-Mamet-la-Salvetat 1 537
33%
Saint-Paul-des-Landes 1 538
27%
Pleaux 1 464
25%
Sansac-de-Marmiesse 1 388
23%
Neuvéglise-sur-Truyère 1 689
19%
Vézac 1 314
16%
Lanobre 1 350
14%
Aucun quiz correspondant
Distribution des résultats
% des personnes avec chaque résultat
Percentile par nombre de réponses
Votre historique - résultats
Vous n’avez pas pris ce quiz